Hospital Information Systems in the Slovak Republic
Cieľom tohto príspevku je analýza nemocničných informačných systémov v nemocniciach na území Slovenskej republiky. Identifikácia modulov, z ktorých pozostávajú, definovanie prepojení týchto systémov s ostatnými informačnými systémami, a to nielen v rámci danej organizácie, ale aj z vonkajšieho prost...
Na minha lista:
| Autor principal: | |
|---|---|
| Outros Autores: | |
| Formato: | Capítulo de Livro |
| Idioma: | inglês |
| Assuntos: | |
| Tags: |
Sem tags, seja o primeiro a adicionar uma tag!
|
MARC
| LEADER | 00000naa$a2200000$$$4500 | ||
|---|---|---|---|
| 001 | 0270197 | ||
| 005 | 20240521125909.4 | ||
| 041 | 0 | |a eng | |
| 044 | |a FR | ||
| 245 | 1 | 0 | |a Hospital Information Systems in the Slovak Republic |c Anita Romanová, Natália Švejdová |
| 520 | |a Cieľom tohto príspevku je analýza nemocničných informačných systémov v nemocniciach na území Slovenskej republiky. Identifikácia modulov, z ktorých pozostávajú, definovanie prepojení týchto systémov s ostatnými informačnými systémami, a to nielen v rámci danej organizácie, ale aj z vonkajšieho prostredia. | ||
| 610 | 2 | 0 | |a systémy informačné |
| 610 | 2 | 0 | |a zdravotníctvo |
| 610 | 2 | 0 | |a nemocnice |
| 610 | 2 | 0 | |a komunikácia |
| 610 | 2 | 0 | |a elektronizácia |
| 100 | 1 | |a Romanová, Anita, 1973- | |
| 700 | 1 | |a Švejdová, Natália, 1993- | |